000 00310nam a22001337a 4500
008 170621b xxu||||| |||| 00| 0 eng d
020 _a9780814735060
041 _aeng
080 _a328
100 _a20
101 _aSHP
245 _aTHE ECONOMIC FOUNDATIONS OF GOVERNMENT
_cHOLCOMBE,R.G
942 _2udc
_cBK
999 _c18430
_d18430